Bilder nach Buchstabe - T #2 - Statistiken

Allgemein
  • Dieses Quiz wurde 94 mal gespielt
  • Das Durchschnittsergebnis liegt bei 9 aus 16
Antwortstatistiken
Bildquiz Antwort % Korrekt
Tintenpatrone
96%
Texas
89%
Tour de France
86%
Tretboot
86%
Tango
84%
Tracht
71%
Taser
64%
Tau
59%
TGV
51%
Triceratops
49%
Trampeltier
47%
Tee
42%
Tarantino
37%
Torah
36%
Talisman
29%
Transnistrien
14%
Keine übereinstimmenden Quizze gefunden
Verteilung der Resultate
Anzahl Personen mit jedem Resultat
Perzentil nach korrekt beantworteten Fragen
Ihre Resultats-Entwicklung
Sie haben dieses Quiz noch nicht gespielt